| 000 | 00782pam a2200253 a 4500 | ||
|---|---|---|---|
| 008 | |||
| 020 | _a0131293656 (pbk.) | ||
| 049 | _aMAIN | ||
| 090 |
_aHF1359 _bBAL |
||
| 100 | 1 | _aBalaam, David N. | |
| 245 | 1 | 0 |
_aIntroduction to international political economy / _cDavid Balaam and Michael Veseth. |
| 250 | _a3rd ed. | ||
| 260 |
_aUpper Saddle River : _bPearson Education, _cc2005. |
||
| 300 |
_axviii, 533 p. : _bill. ; _c23 cm. |
||
| 500 | _aIncludes index. | ||
| 504 | _aIncludes bibliographical references. | ||
| 650 | 0 | _aInternational economic relations. | |
| 700 | 1 | _aVeseth, Michael. | |
| 907 |
_a.b10301021 _b07-06-12 _c11-10-11 |
||
| 003 | |||
| 005 | 20240111164201.0 | ||
| 040 | _cNUST | ||
| 942 |
_cBOOKS _kHF1359 _mBAL _01 |
||
| 999 |
_c139987 _d139987 |
||